Revitalizing an established program for adult learners

Salvato in:
Dettagli Bibliografici
Natura: Sách
Lingua:Undetermined
Pubblicazione:  Teachers of English to Speakers of Other Languages, Inc  2007
Soggetti:
Tags: Aggiungi Tag
Nessun Tag, puoi essere il primo ad aggiungerne! !
Thư viện lưu trữ: Trung tâm Thư viện - Trường Đại học Công nghiệp TP. Hồ Chí Minh
LEADER 00460nam a2200133Ia 4500
001 UIH_06661
008 231011s9999 xx 000 0 und d
082 |a  428 
245 0 |a  Revitalizing an established program for adult learners 
260 |b  Teachers of English to Speakers of Other Languages, Inc 
260 |c  2007 
650 |a  Anh ngữ;  
927 |a Sách 
980 |a Trung tâm Thư viện - Trường Đại học Công nghiệp TP. Hồ Chí Minh